15 mots d'anglais #2 - Statistiques

Statistiques générales
  • Ce quiz a été pris 168 fois
    93 depuis la dernière actualisation
  • Le résultat moyen est 4 sur 15
Statistiques - réponses
Français Anglais % Correct
Sorcière Witch
93%
Tournoi Tournament
64%
Coupable / Délinquant / Agresseur Offender / Guilty
55%
Cuillère à café Teaspoon
30%
Nid Nest
25%
Chenille Caterpillar
21%
Choeur / Chorale Choir
21%
Couture Sewing
18%
Tronc d'arbre / Trompe d'éléphant Trunk
18%
Frelon Hornet
15%
Papillon de nuit Moth
13%
Majordome / Maitre d'hotel Butler
11%
Tranchée / Fossé Trench
11%
Ventre plein Bellyful
6%
Bobine Reel
1%
Aucun quiz correspondant
Distribution des résultats
% des personnes avec chaque résultat
Percentile par nombre de réponses
Votre historique - résultats
Vous n’avez pas pris ce quiz depuis la dernière actualisation